Equipo de trabajo /
Guardado en:
| Formato: | Libro |
|---|---|
| Publicado: |
Blanca Blanca
|
| Etiquetas: |
Agregar Etiqueta
Sin Etiquetas, Sea el primero en etiquetar este registro!
|
| LEADER | 00363nam a22001215a 4500 | ||
|---|---|---|---|
| 001 | CEM.cems018709 | ||
| 005 | 20190528093648.0 | ||
| 008 | 130507b######################000#0#####d | ||
| 003 | CEMS | ||
| 245 | 0 | 0 | |a Equipo de trabajo / |c Computadora Netbook |
| 260 | |a Blanca Blanca | ||
| 859 | |a CEMS |b BIB. CEMS - Agricultura |p A3222.19 |t Ej.1 | ||
| 859 | |a CEMS |b BIB. CEMS - Agricultura |p A3223.19 |t Ej.2 | ||
